000 00763cab a2200217 4500
001 WB3238-48
008 090401t1996 xxu||||| |||| 00| 0 eng d
035 _a(Sirsi) u20734
041 _aeng
245 _aArchitectural competitions
260 _c1996
350 _a0
490 _aDepartment of National Heritage Press Release
_v(DNH299/96) 2 October 1996 (2)
520 _aA new handbook for promoters of architectural competitions has been launched by the National Heritage Secretary and Environment Secretary.
650 _aARCHITECTURAL COMPETITIONS
650 _aDEPARTMENT OF NATIONAL HERITAGE
650 _aDEPARTMENT OF THE ENVIRONMENT
690 _aMANAGEMENT-BUSINESS MANAGEMENT-PROFESSIONAL PRACTICE
942 _n0
948 _c04/03/1997
999 _c13891
_d13891